000 00605nam a2200241Ia 4500
001 28647
005 20240114001059.0
007 ta
008 060615s1943 g b000 u 465 u
040 _aCotton College,Assam
041 _a465
082 _a181.481
_bJ 334 V
100 _aJayatiryha, .
245 0 _aVadavali /
_cJayatiryha.
_hTextual Documents
250 _a1st ed. /
260 _aMadras :
_bThe Adyar Library ,
_c1943.
300 _a224p. ;
_c22cm.
653 _aIndian Philosophy
653 _aG-Philosophy
942 _2ddc
_cBK
999 _c28629
_d28629